01993nam a22002777a 4500008004100000020001800041040000800059041000800067050003000075100003300105245003100138260003000169300003100199490003000230520111100260650003801371650004501409650002901454650002801483650002801511650003301539655002701572942000801599952009301607999001501700251118b |||||||| |||| 00| 0 eng d a9780349441672 ctbs aeng aPR9199.4.S5436 bW55 2025 aSilver, Elsie926533eauthor aWild sidec/ Elsie Silver. aLondon :bPiatkus,c2025. a453 pages ;bmap ;c21 cm. aRose Hill series ;vbk. 3 aShe's always dreamed of her wedding day. And those dreams never included saying "I do" to a man she hates. But when Tabitha's nephew's guardianship is contested, she decides she'll do whatever it takes to keep him in Rose Hill. Even if it means marrying the enemy. Rhys Dupris. A man who is secretive, broody, and completely infuriating. A man whose work takes him away for weeks on end and brings him back covered in mysterious bruises -- ones he won't talk about. In fact, Tabitha and Rhys barely talk at all. Which would be fine, except when he's not talking, he's staring. And the way he looks at her is borderline indecent. The tension between them has always been palpable. But living under the same roof is a dangerous temptation. Tabitha swore she would never forgive him. But that was before she knew the man behind the mask. The one who's fierce and protective. The one who's gentle and patient. The one who shows up for her and her nephew when they need him most. He's not at all who she thought he was. And that makes hating her husband so much harder ... and loving him just a little too easy. 0aGuardian and wardvFiction926534 0aMan-woman relationships vFiction911134 0aMarriagevFiction926149 0aNephewsvFiction926535 0aSecrecyvFiction925722 0aSmall citiesvFiction926201 0aRomance fiction922778 2lcc 00102lcc4070aTBSbTBSd2025-11-18l0oP-EN SILpB05630r2025-11-18t1w2025-11-18y1 c5187d5187